000 00441nam a2200181Ia 4500
001 23966
005 20260414151012.0
008 260414t2005||||xx |||||||||||||| ||spa||
041 _aESP
082 _a726.709854
_bR16
100 _aRaffo, Cecilia,
_eAUT
245 0 _aSanta Catalina :
_bl Monasterio de Arequipa
260 _c2005
300 _a179 páginas :
_c29 cm.
650 _aABD
654 _aCAU
942 _cLIB
_dJUS
_fJUS
_2ddc
_n
999 _c23966
_d23966